Kanye West - New Slaves (All lyrics) - Statistics

General Stats
  • This quiz has been taken 173 times
  • The average score is 293 of 461
Answer Stats
New Slaves % Correct
I
95%
a
93%
A
93%
the
92%
New
88%
new
88%
slaves
88%
My
87%
my
87%
to
86%
you
86%
You
86%
on
85%
in
83%
What
83%
what
83%
was
82%
when
82%
And
81%
and
81%
n*gga
81%
see
78%
See
78%
be
77%
skin
76%
only
75%
water
75%
raised
74%
we
74%
Clean
73%
no
73%
But
72%
served
72%
that
72%
want
72%
Want
72%
F*ck
71%
f*ck
71%
All
70%
all
70%
mama
69%
n*ggas
69%
than
69%
they
69%
They
69%
can
68%
go
68%
it
68%
So
68%
so
68%
can't
67%
era
66%
swallower
66%
blood
65%
d*ck
65%
leaders
65%
me
65%
rather
65%
same
65%
followers
64%
now
64%
Now
64%
blacks
63%
broke
63%
chain
63%
diamond
63%
fairer
63%
I'm
63%
know
63%
leave
63%
leaves
62%
us
62%
Alexander
61%
I'd
61%
things
60%
your
60%
Used
59%
cotton
58%
myself
58%
out
58%
rich
58%
buy
57%
with
57%
Ye
56%
Come
55%
it's
55%
say
55%
coat
54%
at
53%
'bout
53%
everybody
53%
gon'
53%
high
53%
house
53%
more
53%
picked
53%
please
53%
this
53%
where
53%
Don't
52%
Fur
52%
sh*t
52%
up
52%
Hampton
51%
spouse
51%
store
51%
That's
51%
that's
51%
wear
51%
racism
50%
stay
50%
Spendin'
49%
unless
49%
anything
48%
everything
48%
Get
48%
get
48%
keys
48%
satisfied
48%
these
48%
thought
48%
throw
48%
Throw
48%
blouse
47%
Came
47%
touch
47%
family
46%
heart
46%
I'll
46%
Maybach
46%
Y'all
46%
Bentley
45%
down
45%
her
45%
sleeve
45%
again
44%
had
44%
too
44%
Too
44%
control
43%
country
43%
la
43%
long
43%
lose
43%
read
43%
their
43%
hate
42%
wasn't
42%
make
41%
move
41%
help
40%
smash
40%
throwin'
40%
Wang
40%
wild
40%
ain't
39%
clothes
39%
free
39%
mouth
39%
prison
39%
corporation
38%
goin'
38%
Order
38%
playin'
38%
recorders
38%
some
38%
World
38%
ease
37%
p*ssy
37%
not
36%
reporters
36%
vie
36%
woulda
36%
tear
35%
CCA
34%
contracts
34%
Doin'
34%
tryna
34%
air
33%
Bobby
33%
DEA
33%
lock
33%
made
33%
turn
33%
won't
33%
time
32%
today
32%
bullsh*t
31%
grab
30%
let's
30%
Braggin'
29%
Teamed
29%
Boucher
28%
c'est
28%
confuse
28%
end
28%
Hamptons
28%
Like
28%
prolly
27%
Meanwhile
26%
peace
26%
cannot
23%
survive
22%
owned
18%
privately
18%
they'll
18%
dyin'
14%
'Cause
13%
No matching quizzes found
Score Distribution
Percent of People with Each Score
Percentile by Number Answered
Your Score History
You have not taken this quiz